02144 2200781 4500001002100000005001500021035002500036090002000061245016400081260004500245300004600290008004100336020002200377040001700399082001200416084001600428500001100444500009200455650002200547650002700569850001200596041000800608504003300616700001600649700002500665990001600690990001600706990001600722990001600738990001600754990001600770990001600786990001600802990001600818990001600834990001600850990001600866990001600882990001600898990001600914990001600930990001600946990001600962990001600978990001600994990001601010990001601026990001601042990001601058990001601074990001601090990001601106990001601122990001601138990001601154990001601170990001601186990001601202990001601218990001601234990001601250990001601266990001601282990001601298990001601314990001601330990001601346YOGYA00000000009976520180724112220 a0010-101300000000658 aYOG 726.143 MEM aMemuji Prambanan :bbunga rampai para cendekiawan Belanda tentang kompleks percandian Loro Jonggrang /ceditor, Roy Jordaan ; alih bahasa, Yosef Maria Florisan aJakarta :bYayasan Obor Indonesia,c2009 axviii, 337 halaman :bilustrasi ;c24 cm.180724 g 0 ind  a978-979-461-679-6 aYOPDYOGbind a726.143 a726.143 MEM aIndeks aJudul asli : In praise of Prambanan : Dutch essays on the Loro Jonggrang temple complex aPrambanan (Candi) aLoro Jonggrang (Candi) aYOPDYOG aInd aBibliografi : hlm. 314 - 3310 aRoy Jordaan0 aYosef Maria Florisan a2032/B.2013 a2033/B.2013 a2034/B.2013 a2251/B.2013 a2252/B.2013 a2253/B.2013 a2252/B.2013 a2032/B.2013 a2033/B.2013 a2034/B.2013 a2251/B.2013 a2253/B.2013 a2251/B.2013 a2032/B.2013 a2033/B.2013 a2034/B.2013 a2252/B.2013 a2253/B.2013 a2034/B.2013 a2032/B.2013 a2033/B.2013 a2251/B.2013 a2252/B.2013 a2253/B.2013 a2033/B.2013 a2032/B.2013 a2034/B.2013 a2251/B.2013 a2252/B.2013 a2253/B.2013 a2032/B.2013 a2033/B.2013 a2034/B.2013 a2251/B.2013 a2252/B.2013 a2253/B.2013 a2032/B.2013 a2033/B.2013 a2034/B.2013 a2251/B.2013 a2252/B.2013 a2253/B.2013